Statystyki dla Wymień wszystkich rywali Michała Materli.

Kliknij tutaj aby rozwiązać quiz!

Ogólne statystyki

  • Ten quiz został rozwiązany 4 razy
  • Średni wynik to 10 z 41

Statystyki odpowiedzi

Wygrana/PrzegranaRywal% Poprawnych
WygranaAntoni Chmielewski
67%
WygranaJay Silva
67%
WygranaJay Silva
67%
PrzegranaJay Silva
67%
WygranaKendall Grove
67%
WygranaKendall Grove
67%
WygranaKrzysztof Kulak
67%
PrzegranaMamed Khalidov
67%
PrzegranaMariusz Pudzianowski
67%
PrzegranaRoberto Soldic
67%
WygranaRousimar Palhares
67%
WygranaAleksandar Ilic
33%
WygranaDamian Janikowski
33%
WygranaGregory Babene
33%
WygranaJames Zikic
33%
WygranaJason Radcliffe
33%
WygranaMartin Zawada
33%
WygranaTomasz Drwal
33%
WygranaAndrzej Kulik
0%
WygranaAndrzej Kulik
0%
PrzegranaAntonio Mendes
0%
WygranaBohumil Lungrik
0%
WygranaChristoph Meyer
0%
PrzegranaEvangelista Santos
0%
WygranaEvert Fyeet
0%
WygranaGiedrius Pranckevicius
0%
WygranaJan Antoska
0%
WygranaJaroslaw Stachera
0%
WygranaJorge Luis Bezerra
0%
WygranaMatt Horwich
0%
WygranaMiika Mehmet
0%
WygranaMoise Rimbon
0%
PrzegranaMoise Rimbon
0%
WygranaPaulo Thiago
0%
WygranaRodney Wallace
0%
PrzegranaScott Askham
0%
PrzegranaScott Askham
0%
WygranaTomasz Janiszewski
0%
WygranaValdas Pocevicius
0%
WygranaWilhelm Ott
0%
WygranaWojciech Golaszewski
0%

Rozkład punktacji

Percentyl według liczby udzielonych odpowiedzi

Procent ludzi z każdym wynikiem

Twoja historia wyników

Nie rozwiązałeś tego quizu